000 006900000a22001930004500
020 _a978-1-4335-3911-4
082 0 4 _aG 261.8 G8859p
100 1 _aGrudem, Wayne
245 1 0 _aThe poverty of nations : a sustainable solution / Wayne Grudem , Barry Asmus , con un prefacio por Rick Warren
260 _aWheaton, Illinois : Crossway
300 _a398 páginas
501 _aRústico
505 0 0 _aLa pobreza de las naciones -- Sistemas económicos -- Las ventajas del mercado libre -- Los valores que alentan el crecimiento económico
001 18818
942 _cBK
999 _c45223
_d45223
336 _atexto
_btxt
_2rdacontent
337 _2rdamedia
_asin mediación
_bn
338 _2rdacarrier
_avolumen
_bnc